Find the Secret: Countries Part 1 - Statistics

General Stats
  • This quiz has been taken 25 times
  • The average score is 20 of 27
Answer Stats
Hint Answer % Correct
Copenhagen Denmark
100%
Rotterdam Netherlands
100%
Buenos Aires Argentina
94%
Adelaide Australia
94%
Verona Italy
94%
Lagos Nigeria
94%
Ho Chi Minh City Vietnam
94%
Harare Zimbabwe
89%
Cincinnati United States of America
83%
Haifa Israel
78%
Fukuoka Japan
78%
SECRET COUNTRY 1 Tanzania
78%
Santo Domingo Dominican Republic
72%
Monterrey Mexico
72%
Muscat Oman
72%
Izmir Turkey
72%
SECRET COUNTRY 3 Djibouti
67%
Agra India
67%
Chiang Mai Thailand
67%
Kandahar Afghanistan
61%
Guayaquil Ecuador
56%
Manaus Brazil
50%
Tabriz Iran
50%
SECRET COUNTRY 2 Maldives
50%
San Sebastián Spain
50%
Benghazi Libya
44%
Lubango Angola
28%
No matching quizzes found
Score Distribution
Percent of People with Each Score
Percentile by Number Answered
Your Score History
You have not taken this quiz